000 00515nam a2200205 a 4500
999 _c7228
_d7228
001 7228
003 BD-JhCC
005 20180206163415.0
008 180206s1963 uk |||| |||| 000 0 eng d
035 _a(BD-JhCC)
040 _aBD-JhCC
_dBD-JhCC
041 _aeng
082 _a823.91
_bMAU 1963
100 _aMaugham, W. Somerset
245 _aThe Kite and other stories /
_cW. Somerset Maugham
260 _aLondon:
_bHeinemann;
_c1963
300 _a132 p;,
_c20 cm
650 _aShort stories
942 _2ddc
_cBK